Szczegóły MARC21

Bankowość : podstawowe założenia /

005 -DATA I CZAS OSTATNIEJ MODYFIKACJI [,]
    • @
    • pole kontrolne
    • 20070315155141.9
020 -Międzynarod. znormalizowany nr książki - ISBN [ , ]
    • a
    • Numer ISBN
    • 8385366059 Find
    • z
    • Błędny ISBN (P)
    • 83853660509 Find
040 -Instytucja sporządzająca opis [ , ]
    • a
    • Instytucja, która sporządziła opis (NP)
    • SZCZ U
    • c
    • Instytucja, która sporządziła rekord (NP)
    • SZCZ U
041 -Język dokumentu [0, ]
    • a
    • Język tekstu (P)
    • polski
    • h
    • Język tekstu oryginalnego i/lub pośredniego (P)
    • polski
942 -Rodzaj dokumentu [ , ]
    • c
    • Rodzaj dokumentu
    • Książka
100 -Hasło główne - nazwa osobowa [ , ]
    • a
    • Nazwa osobowa (NP)
    • Jaworski, Władysław Leopold
    • d
    • Daty biograficzne (NP)
    • (1929-2017).
    • 9
    • KHW
    • 32048
245 -Strefa tytułu i oznaczenia odpowiedzialności [1, ]
    • a
    • Tytuł
    • Bankowość : Find
    • b
    • Ciąg dalszy tytułu (NP)
    • podstawowe założenia / Find
    • c
    • Pozostałe elementy strefy tytułu i oznaczenia odpowiedzialności (NP)
    • Władysław Leopold Jaworski.
250 -Strefa wydania [ , ]
    • a
    • Oznaczenie wydania (NP)
    • Wyd.6 zaktualizowane i rozsz.
260 -Strefa adresu wydawniczego [ , ]
    • a
    • Miejsce wydania (P)
    • Warszawa :
    • b
    • Nazwa wydawcy (P)
    • "Poltext",
    • c
    • Data wydania (P)
    • 1998.
300 -Strefa opisu fizycznego [ , ]
    • a
    • Określenie formy książki i/lub objętość (NP)
    • 291 s. :
    • b
    • Oznaczenie ilustracji (NP)
    • il. :
    • c
    • Format (NP)
    • 21 cm.
490 -Strefa serii i książki wielotomowej - forma nie do wyszukiwania [0, ]
    • a
    • Tytuł (P)
    • (Studia Finansowo-Bankowe / Szkoła Gł. Handlowa) Find
500 -Uwaga ogólna [ , ]
    • a
    • Uwaga ogólna (NP)
    • Bibliogr
080 -Uniwersalna Klasyfikacja Dziesiętna [ , ]
    • a
    • Symbol klasyfikacji
    • 336.71(438)
080 -Uniwersalna Klasyfikacja Dziesiętna [ , ]
    • a
    • Symbol klasyfikacji
    • :336.713.8(438)
980 -Symbol UKD [ , ]
    • a
    • UKD
    • 336.71:336.713.8](438)
920 -ISBN [ , ]
    • a
    • ISBN
    • 83-85366-05-9 Find
    • z
    • Błędny ISBN
    • 83-85366-05-09 (błędny) Find
Data inwentaryzacji Lokalizacja Status udost. Numer inwentarzowy
1999-04-29BE-6S.83549
1999-04-29BE2S.83550
1999-04-29BE2S.83551
1999-04-29BE2S.83552
1999-04-29BE2S.83553
1999-04-29BE2S.83554
1999-04-29BE-6S.83555
1999-04-29BE-3S.83556
1999-04-29BE2S.83557
1999-04-29BE2S.83558
2005-07-25BE-2S.92078